=LDR 00000nam 2200000 4500 =001 INLIS000000000027829 =005 20200213065854 =035 ##$$a 0010-061300000027829 =008 200213################g##########0#ind## =041 ##$$a ind =082 ##$$a 070.4 =090 ##$$a 070.4, KUS j =100 ##$$a Kusumanigrat, Purnama =245 1#$$a Jurnalistik, Teori dan Praktik, /$c Purnama Kusumanigrat, Hikmat Kusumaningrat =260 ##$$a Bandung :$b PT. Remaja Rosdakarya,$c 2006 =300 ##$$a xv, 343 hlm., ; $c 16 x 24 cm =650 #4$$a Jurnalisme, Terapan =850 ##$$a NBPNMAT =084 ##$$a 070.4 KUS j =710 #$$a Kusumaningrat, Hikmat =020 ##$$a 979-692-374-2 =250 ##$$a Cet.2 =990 ##$$a 20707.624/Pb.07 =990 ##$$a 20707623